000 00580nam a22001817a 4500
005 20251108164009.0
008 250721s1974 xx 000 0 ara d
082 1 4 _a216,3/دور
100 1 _aالدوري، قحطان عبد الرحمن
245 1 0 _aالإحتكار :
_bآثاره في الفقه الإسلامي /
264 1 _aبغداد :
_bمطبعة بغداد،
_c1974.
300 _a236ص : فهارس ، مراجع
650 1 7 _aالإسلام
650 1 7 _aالفقه
650 1 7 _aالمعاملات (فقه إسلامي)
942 _2ddc
_cBK
999 _c1012
_d1012